| 000 | 00725nam a2200205 a 4500 | ||
|---|---|---|---|
| 005 | 20210219160303.0 | ||
| 008 | 081006s1994 mx r 000 0 spa d | ||
| 020 | _a082703170X | ||
| 035 | _aUPN01000162432 | ||
| 049 | _aUNE | ||
| 080 | _a806.0 "1994" ESP No.30. | ||
| 245 | 0 | 3 |
_aEl Español en el nuevo mundo : _bestudios sobre historia lingüistica hispanoamericana / _ccompilado por María Beatriz Fontanella de Weinberg. |
| 260 |
_aWashington, D.C. : _bOEA, _c1994. |
||
| 300 | _avii, 144 p. | ||
| 440 | 0 |
_aColección INTERAMER, Serie Cultural ; _v30. |
|
| 690 | _aLinguistica- Español | ||
| 700 | 1 | _aFontanella de Weinberg, María Beatriz. | |
| 710 | 2 | _aOrganización de los Estados Americanos | |
| 905 | _aUNESCO | ||
| 999 |
_c134545 _d134545 |
||